Normal view
MARC view
Entry Personal Name
001 - CONTROL NUMBER
- control field: 13109
003 - CONTROL NUMBER IDENTIFIER
- control field: BD-RjUL
005 - DATE AND TIME OF LATEST TRANSACTION
- control field: 20240521122037.0
008 - FIXED-LENGTH DATA ELEMENTS
- fixed length control field: 240521|| aca||aabn | a|a d
040 ## - CATALOGING SOURCE
- Original cataloging agency: BD-RjUL
- Transcribing agency: BD-RjUL
100 ## - HEADING--PERSONAL NAME
- Personal name: Mondal, K. A. M. Shahadat Hossain, Sopervisor
670 ## - SOURCE DATA FOUND
- Source citation: Work cat.: (BD-RjUL)83792: Jilani, Md. Shah Nawoz Kader 5044, Toxicity of Selected Plant Products and Insecticides on Tribolium castaneum (Herbst) /, 2006